000 01218 a2200241 4500
001 4080
005 20260407155431.0
008 260407a2009 arg spa d
003 AR-UNSa-BCEJYS
040 _aAR-UNSa-BCEJYS
_bspa
_cAR-UNSa-BCEJYS
080 _a336.2
_xIngresos públicos (Derecho tributario)
245 1 0 _aDerecho tributario
_pconsideraciones económicas y jurídicas
020 _a978-950-20-1973-4
250 _a4a. ed
264 1 _aBuenos Aires :
_bAbeledo Perrot
_c2009
300 _a2 v.
_c24 cm
505 _aVol. 1: 1. Nociones preliminares - 2. Impuestos - 3. Tasas y contribuciones especiales - 4. Derecho tributario en general. Derecho tributario internacional y derecho comunitario - 5. Interpretación y aplicación de las normas tributarias - 6. Derecho tributario constitucional - 7. Derecho tributario material o sustantivo Vol. 2: 8. Derecho tributario formal o administrativo - 9. Derecho tributario procesal - 10. Derecho tributario penal
041 _aspa
942 _cBK
590 _aniveau_biblio:m niveau_hierar:0
100 1 _aGarcía Vizcaíno, Catalina
856 4 1 _uhttps://biblioeco.unsa.edu.ar/pmb/images/libros/Derecho Tributario 4ed.jpg
_yImagen de portada
_qimage/jpeg
999 _c386
_d386